000
00303nam a22001337a 4500
008
170719b xxu||||| |||| 00| 0 eng d
020
_a
9781860648663
041
_a
eng
080
_a
2
100
_a
24
101
_a
TEO
245
_a
ISLAM LIBERSLISM AND HUMAN RIGHTS
_c
DALACOURA, K
942
_2
udc
_c
BK
999
_c
21635
_d
21635